Con-vivencias, vivencias-con (Record no. 174932)

MARC details
000 -LEADER
campo de control de longitud fija 00891nam a2200229 4500
001 - NÚMERO DE CONTROL
campo de control 174932
003 - IDENTIFICADOR DE NÚMERO DE CONTROL
campo de control ES-MaACL
005 - FECHA Y HORA DE LA ÚLTIMA TRANSACCIÓN
campo de control 20230906215710.0
008 - DATOS DE LONGITUD FIJA--INFORMACIÓN GENERAL
campo de control de longitud fija 100714s1998 sp af |||| |dspa d
080 ## - NÚMERO DE LA CLASIFICACIÓN DECIMAL UNIVERSAL
Número de la Clasificación Decimal Universal 75 Kirschner, Alex (083.824)
100 1# - ENTRADA PRINCIPAL--NOMBRE DE PERSONA
Nombre de persona Kirschner, Alex.
9 (RLIN) 143229
245 10 - MENCIÓN DEL TÍTULO
Título Con-vivencias, vivencias-con
Resto del título : Madrid, febrero-marzo 1998 /
Mención de responsabilidad, etc. Alex Kirschner ; [textos, José Alcázar Iberlucea, Margarita Iglesias, Ricardo Carretero Gramage].
246 3# - FORMA VARIANTE DEL TITULO
Título propio/Titulo breve Convivencias, vivencias con
260 ## - PUBLICACIÓN, DISTRIBUCIÓN, ETC.
Lugar de publicación, distribución, etc. [Madrid :
Nombre del editor, distribuidor, etc. Elvira Carreras, Galería de Arte,
Fecha de publicación, distribución, etc. 1998]
300 ## - DESCRIPCIÓN FÍSICA
Extensión 30 p. :
Otras características físicas principalmente il. col. y n. ;
Dimensiones 27 cm.
600 17 - PUNTO DE ACCESO ADICIONAL DE MATERIA--NOMBRE DE PERSONA
Nombre de persona Kirschner, Alex-
Subdivisión de forma Exposiciones.
9 (RLIN) 143230
655 #7 - TERMINO DE INDIZACIÓN--GENERO/FORMA
Fuente del término tgfbne
9 (RLIN) 193628
Datos o término principal de género/forma Catálogos de exposiciones
700 10 - ENTRADA AGREGADA--NOMBRE PERSONAL
Nombre de persona Carretero Gramage, Ricardo.
9 (RLIN) 225583
852 4# - LOCALIZACIÓN
Ubicación ES-MaACL
Número de control de estantería 2280-F-18
942 ## - ELEMENTOS DE ENTRADA SECUNDARIOS (KOHA)
Fuente del sistema de clasificación o colocación Clasificación decimal universal
Holdings
Estatus retirado Estado de pérdida Estado de daño No para préstamo Colección Biblioteca de origen Biblioteca actual Ubicación en estantería Fecha de adquisición Fuente de adquisición Total de préstamos Signatura topográfica completa Código de barras Visto por última vez Precio de reemplazo Tipo de ítem Koha
        Colección de folletos Biblioteca del Ateneo de Madrid Biblioteca del Ateneo de Madrid Depósito folletos 14/07/2010     2280-F-18 1183669 23/02/2023 23/02/2023 Folleto